Black and White Pokemon - Statistics

General Stats
  • This quiz has been taken 114 times
    113 since last reset
  • The average score is 81 of 156
Answer Stats
Hint Answer % Correct
1 Snivy
97%
4 Tepig
94%
5 Pignite
88%
150 Zekrom
88%
2 Servine
84%
7 Oshawott
83%
6 Emboar
81%
152 Kyurem
80%
149 Reshiram
80%
0 Victini
80%
8 Dewott
77%
3 Serperior
77%
9 Samurott
75%
25 Pidove
73%
17 Pansage
72%
27 Unfezant
72%
10 Patrat
70%
18 Simisage
70%
144 Cobalion
69%
21 Panpour
69%
19 Pansear
69%
22 Simipour
67%
20 Simisear
67%
26 Tranquill
67%
11 Watchog
67%
12 Lillipup
66%
14 Stoutland
66%
146 Virizion
66%
13 Herdier
64%
151 Landorus
64%
145 Terrakion
64%
147 Tornadus
64%
148 Thundurus
63%
116 Axew
61%
153 Keldeo
61%
59 Krookodile
61%
139 Deino
59%
35 Drilbur
59%
155 Genesect
59%
141 Hydreigon
59%
154 Meloetta
59%
15 Purrloin
59%
29 Zebstrika
59%
28 Blitzle
58%
58 Krokorok
58%
46 Sewaddle
58%
49 Venipede
58%
31 Boldore
56%
36 Excadrill
56%
117 Fraxure
56%
32 Gigalith
56%
48 Leavanny
56%
30 Roggenrola
56%
140 Zweilous
56%
118 Haxorus
55%
16 Liepard
55%
34 Swoobat
55%
41 Tympole
55%
120 Beartic
53%
93 Emolga
53%
113 Litwick
53%
51 Scolipede
53%
43 Seismitoad
53%
50 Whirlipede
53%
33 Woobat
53%
115 Chandelure
52%
121 Cryogonal
52%
119 Cubchoo
52%
80 Gothita
52%
42 Palpitoad
52%
83 Solosis
52%
52 Cottonee
50%
60 Darumaka
50%
63 Dwebble
50%
82 Gothitelle
50%
23 Munna
50%
47 Swadloon
50%
44 Throh
50%
64 Crustle
48%
127 Druddigon
48%
84 Duosion
48%
81 Gothorita
48%
114 Lampent
48%
24 Musharna
48%
85 Reuniclus
48%
45 Sawk
48%
65 Scraggy
48%
108 Tynamo
48%
61 Darmanitan
47%
105 Klink
47%
38 Timburr
47%
89 Vanillish
47%
88 Vanillite
47%
53 Whimsicott
47%
69 Cofagrigus
45%
110 Eelektross
45%
54 Petilil
45%
90 Vanilluxe
45%
143 Volcarona
45%
68 Yamask
45%
134 Braviary
44%
86 Ducklett
44%
39 Gurdurr
44%
106 Klang
44%
107 Klinklang
44%
74 Trubbish
44%
123 Accelgor
42%
72 Archen
42%
37 Audino
42%
56 Basculin
42%
131 Bisharp
42%
40 Conkeldurr
42%
138 Durant
42%
109 Eelektrik
42%
128 Golett
42%
129 Golurk
42%
94 Karrablast
42%
142 Larvesta
42%
55 Lilligant
42%
57 Sandile
42%
67 Sigilyph
42%
124 Stunfisk
42%
87 Swanna
42%
70 Tirtouga
42%
135 Vullaby
42%
75 Garbodor
41%
137 Heatmor
41%
101 Joltik
41%
133 Rufflet
41%
66 Scrafty
41%
95 Escavalier
39%
103 Ferroseed
39%
104 Ferrothorn
39%
98 Frillish
39%
102 Galvantula
39%
136 Mandibuzz
39%
62 Maractus
39%
122 Shelmet
39%
73 Archeops
38%
99 Jellicent
38%
76 Zorua
38%
132 Bouffalant
36%
71 Carracosta
36%
91 Deerling
36%
130 Pawniard
36%
77 Zoroark
36%
78 Minccino
34%
79 Cinccino
33%
96 Foongus
33%
100 Alomomola
31%
125 Mienfoo
31%
126 Mienshao
31%
97 Amoonguss
30%
92 Sawsbuck
30%
111 Elgyem
22%
112 Beheeyem
20%
No matching quizzes found
Score Distribution
Percent of People with Each Score
Percentile by Number Answered
Your Score History
You have not taken this quiz since the last reset